00365 2200145 4500001002100000005001700021006001900038008004100057020000600098035002500104100001900129245002200148260002800170990002100198INLIS00000000001016620150224090600.0a ||| | 170609| ||| |  a- a0010-0215000000005680 aAgus Kurniawan00aSyetan hutan jati aJakartabWahana Ilmuc- a0406/b/kpad/2010